<?xml version="1.0" encoding="UTF-8"?>
<collection xmlns="http://www.loc.gov/MARC21/slim">
 <record>
  <leader>02633cam a2200541   4500</leader>
  <controlfield tag="001">1607589478</controlfield>
  <controlfield tag="003">DE-627</controlfield>
  <controlfield tag="005">20240309181910.0</controlfield>
  <controlfield tag="007">tu</controlfield>
  <controlfield tag="008">031016s2002    xx ||||| c    00| ||ita c</controlfield>
  <datafield tag="020" ind1=" " ind2=" ">
   <subfield code="a">8878042153</subfield>
   <subfield code="9">88-7804-215-3</subfield>
  </datafield>
  <datafield tag="024" ind1="3" ind2=" ">
   <subfield code="a">9788878042155</subfield>
  </datafield>
  <datafield tag="035" ind1=" " ind2=" ">
   <subfield code="a">(DE-627)1607589478</subfield>
  </datafield>
  <datafield tag="035" ind1=" " ind2=" ">
   <subfield code="a">(DE-576)107535211</subfield>
  </datafield>
  <datafield tag="035" ind1=" " ind2=" ">
   <subfield code="a">(DE-599)BSZ107535211</subfield>
  </datafield>
  <datafield tag="035" ind1=" " ind2=" ">
   <subfield code="a">(OCoLC)53065916</subfield>
  </datafield>
  <datafield tag="035" ind1=" " ind2=" ">
   <subfield code="a">(ZDB-21-EIL)03280276</subfield>
  </datafield>
  <datafield tag="040" ind1=" " ind2=" ">
   <subfield code="a">DE-627</subfield>
   <subfield code="b">ger</subfield>
   <subfield code="c">DE-627</subfield>
   <subfield code="e">rakwb</subfield>
  </datafield>
  <datafield tag="041" ind1=" " ind2=" ">
   <subfield code="a">ita</subfield>
  </datafield>
  <datafield tag="050" ind1=" " ind2="0">
   <subfield code="a">DG</subfield>
  </datafield>
  <datafield tag="050" ind1=" " ind2="0">
   <subfield code="a">DG55.S5</subfield>
  </datafield>
  <datafield tag="082" ind1="0" ind2=" ">
   <subfield code="a">937</subfield>
  </datafield>
  <datafield tag="084" ind1=" " ind2=" ">
   <subfield code="a">6,14</subfield>
   <subfield code="2">ssgn</subfield>
  </datafield>
  <datafield tag="084" ind1=" " ind2=" ">
   <subfield code="a">6,11</subfield>
   <subfield code="a">6,12</subfield>
   <subfield code="2">ssgn</subfield>
  </datafield>
  <datafield tag="245" ind1="1" ind2="0">
   <subfield code="a">Sicani, Elimi e Greci</subfield>
   <subfield code="b">storie di contatti e terre di frontiera; Palermo, Palazzo Belmonte Riso, 27 giugno - 20 ottobre 2002</subfield>
   <subfield code="c">Soprintendenza ai Beni Culturali e Ambientali ... A cura di Francesca Spatafora e Stefano Vassallo</subfield>
  </datafield>
  <datafield tag="264" ind1=" " ind2="1">
   <subfield code="a">Palermo</subfield>
   <subfield code="b">Flaccovio</subfield>
   <subfield code="c">2002</subfield>
  </datafield>
  <datafield tag="300" ind1=" " ind2=" ">
   <subfield code="a">157 S.</subfield>
   <subfield code="b">zahlr. Ill.</subfield>
   <subfield code="c">21 x 21 cm</subfield>
  </datafield>
  <datafield tag="336" ind1=" " ind2=" ">
   <subfield code="a">Text</subfield>
   <subfield code="b">txt</subfield>
   <subfield code="2">rdacontent</subfield>
  </datafield>
  <datafield tag="337" ind1=" " ind2=" ">
   <subfield code="a">ohne Hilfsmittel zu benutzen</subfield>
   <subfield code="b">n</subfield>
   <subfield code="2">rdamedia</subfield>
  </datafield>
  <datafield tag="338" ind1=" " ind2=" ">
   <subfield code="a">Band</subfield>
   <subfield code="b">nc</subfield>
   <subfield code="2">rdacarrier</subfield>
  </datafield>
  <datafield tag="500" ind1=" " ind2=" ">
   <subfield code="a">Not for sale, few copies avail. on request through us. - Contains bibl. and notes. - Exhibition catalogue</subfield>
  </datafield>
  <datafield tag="583" ind1="1" ind2=" ">
   <subfield code="a">Archivierung/Langzeitarchivierung gewährleistet</subfield>
   <subfield code="f">SSG</subfield>
   <subfield code="x">XA-DE-BW</subfield>
   <subfield code="2">pdager</subfield>
   <subfield code="5">DE-16</subfield>
  </datafield>
  <datafield tag="650" ind1=" " ind2="0">
   <subfield code="a">Excavations (Archaeology)</subfield>
   <subfield code="z">Italy</subfield>
   <subfield code="z">Sicily</subfield>
   <subfield code="v">Exhibitions</subfield>
  </datafield>
  <datafield tag="650" ind1=" " ind2="0">
   <subfield code="a">Sicans (Italic people)</subfield>
   <subfield code="z">Italy</subfield>
   <subfield code="z">Sicily</subfield>
   <subfield code="v">Exhibitions</subfield>
  </datafield>
  <datafield tag="650" ind1=" " ind2="0">
   <subfield code="a">Elymi (Italic people)</subfield>
   <subfield code="z">Italy</subfield>
   <subfield code="z">Sicily</subfield>
   <subfield code="v">Exhibitions</subfield>
  </datafield>
  <datafield tag="650" ind1=" " ind2="0">
   <subfield code="a">Greeks</subfield>
   <subfield code="z">Italy</subfield>
   <subfield code="z">Sicily</subfield>
   <subfield code="v">Exhibitions</subfield>
  </datafield>
  <datafield tag="655" ind1=" " ind2="7">
   <subfield code="a">Ausstellungskatalog</subfield>
   <subfield code="y">2002</subfield>
   <subfield code="z">Palermo</subfield>
   <subfield code="0">(DE-588)4135467-9</subfield>
   <subfield code="0">(DE-627)10566491X</subfield>
   <subfield code="0">(DE-576)209660988</subfield>
   <subfield code="2">gnd-content</subfield>
  </datafield>
  <datafield tag="689" ind1="0" ind2="0">
   <subfield code="d">g</subfield>
   <subfield code="0">(DE-588)4055193-3</subfield>
   <subfield code="0">(DE-627)104540818</subfield>
   <subfield code="0">(DE-576)209112689</subfield>
   <subfield code="a">Sizilien</subfield>
   <subfield code="2">gnd</subfield>
  </datafield>
  <datafield tag="689" ind1="0" ind2="1">
   <subfield code="d">s</subfield>
   <subfield code="0">(DE-588)4002827-6</subfield>
   <subfield code="0">(DE-627)104459425</subfield>
   <subfield code="0">(DE-576)208848878</subfield>
   <subfield code="a">Archäologie</subfield>
   <subfield code="2">gnd</subfield>
  </datafield>
  <datafield tag="689" ind1="0" ind2=" ">
   <subfield code="5">(DE-627)</subfield>
  </datafield>
  <datafield tag="700" ind1="1" ind2=" ">
   <subfield code="a">Spatafora, Francesca</subfield>
   <subfield code="d">1953-</subfield>
   <subfield code="e">Hrsg.</subfield>
   <subfield code="0">(DE-588)130061980</subfield>
   <subfield code="0">(DE-627)488799783</subfield>
   <subfield code="0">(DE-576)176397760</subfield>
   <subfield code="4">edt</subfield>
  </datafield>
  <datafield tag="710" ind1="2" ind2=" ">
   <subfield code="a">Soprintendenza per i Beni Culturali ed Ambientali di Palermo</subfield>
   <subfield code="0">(DE-588)5204873-1</subfield>
   <subfield code="0">(DE-627)227070097</subfield>
   <subfield code="0">(DE-576)196174724</subfield>
   <subfield code="4">oth</subfield>
  </datafield>
  <datafield tag="787" ind1="0" ind2="8">
   <subfield code="i">Rezensiert in</subfield>
   <subfield code="a">Maaß, Michael, 1942 - </subfield>
   <subfield code="t">[Rezension von: Carmela Angela Di Stefano (Hrsg.), Archeologia e territorio - Palermo Punica - Stefano Vassallo (Hrsg.), Colle Madore -  Francesca Spatafora (Hrsg.), Sicani, Elimi e Greci -  Francesca Spatafora, Monte Maranfusa]</subfield>
   <subfield code="d">Regensburg : Schnell und Steiner, 2004</subfield>
   <subfield code="w">(DE-627)1552497631</subfield>
   <subfield code="w">(DE-576)482497637</subfield>
  </datafield>
  <datafield tag="951" ind1=" " ind2=" ">
   <subfield code="a">BO</subfield>
  </datafield>
  <datafield tag="990" ind1=" " ind2=" ">
   <subfield code="a">Sizilien</subfield>
  </datafield>
  <datafield tag="990" ind1=" " ind2=" ">
   <subfield code="a">Archäologie</subfield>
  </datafield>
  <datafield tag="991" ind1=" " ind2=" ">
   <subfield code="a">Rezensiertes Werk</subfield>
  </datafield>
  <datafield tag="999" ind1=" " ind2=" ">
   <subfield code="a">KXP-PPN1607589478</subfield>
   <subfield code="e">4129547283</subfield>
  </datafield>
 </record>
</collection>
